| 000 | 00434nam a2200193Ia 4500 | ||
|---|---|---|---|
| 005 | 20251020182548.0 | ||
| 008 | 200515s9999 xx 000 0 und d | ||
| 082 | _a84.003/U42 | ||
| 110 | _aOficina de Asuntos Culturales de la Universidad de Lima | ||
| 245 | 0 | _aLienzo | |
| 260 | _aLima | ||
| 260 | _c1982 | ||
| 300 | _a216 | ||
| 650 | _aLIB | ||
| 650 | _aLITERATURA | ||
| 650 | _aPOEMARIO | ||
| 650 | _aPOESIA | ||
| 942 | _cLIB | ||
| 999 |
_c2624 _d2624 |
||